Geography Quiz

Random Geography or State Quiz

Quick Pick: Which D, F, G or H State Quiz Stats

 Plays Quiz not verified by Sporcle

Support Sporcle.
Go Orange.
Score 0/16 Timer 01:30
0 Plays Today
% Correct
Florida
90.9%
Georgia
89.6%
Georgia
88.5%
Florida
87.9%
Florida
86%
Hawaii
84.8%
Hawaii
81.8%
Delaware
81.4%
% Correct
Georgia
80.9%
Delaware
80.3%
Delaware
75.1%
Hawaii
71.9%
Florida
68.5%
Hawaii
56%
Delaware
53.8%
Florida
52.7%

You're not logged in!

Compare scores with friends on all Sporcle quizzes.
OR
Log In

From the Vault

The Great Sporcle Mystery II

by druhutch

The next installment in Sporcle's magical mystery tour is upon us.
Remove Ads.
Support Sporcle.
Get the best of Sporcle when you Go Orange. This ad-free experience offers more features, more stats, and more fun while also helping to support Sporcle. Thank you for becoming a member.

Show Comments

Extras

Top Quizzes Today


Score Distribution

Your Account Isn't Verified!

In order to create a playlist on Sporcle, you need to verify the email address you used during registration. Go to your Sporcle Settings to finish the process.

Report this User

Report this user for behavior that violates our Community Guidelines.

Details: